01578nam a2200181Ia 4500003000900000005001700009008004100026040003100067040001300098041000800111100003600119245005600155260003800211300001800249490002100267500002000288520108800308IT-RoPAU20220918175750.0120407s9999 xx 000 0 und d aIT-RoPAUc20140510091011.0 cIT-RoPAU aita aPie Discepole del Divin Maestro aLa nostra regola di vita.b3. Vocazione e missione. c1989aRomabCasa Generalizia PDDM a214 p.c21 cm vVol. n. 10aPDDM aUso manoscritto aIndice Presentazione Fonti Art. 1 - Il nostro carisma nella storia Art. 2 - Il fine della consacrazione religiosa Art. 3 - Gesù Maestro centro e fondamento Art. 4 - La nostra identità carismatica Art. 5 - Identità della Pia Discepola nella Famiglia Paolina Art. 6 - Appartenza alla Famiglia Paolina Art. 7 - Missione fondamentale e vitale Art. 8 - Unità della Famiglia Paolina Art. 9 - In Cristo con Maria e S. Paolo Art. 10 - Dimensione contemplativo-apostolica Art. 11 - Gesù Maestro Via - Verità - Vita Art. 12 - Come Maria Art. 13 - Il Rosario Art. 14 - Nello Spirito dell'Apostolo Paolo Art. 15 - La preghiera cristiana Art. 16 - Gesù Maestro di preghiera e l'intercessione di Maria Santissima Art. 17 - Il nutrimento della Parola di Dio Art. 18 - Unite a Gesù Maestro Eucaristico Art. 19 - La Liturgia delle Ore Art. 20 - La Meditazione Art. 21 - L'Adorazione Eucaristica Art. 22 - L'esame di coscienza Art. 23 - Celebriamo il giorno del Signore Art. 24 - Il ritiro mensile Art. 25 - Gli Esercizi Spirituali Art. 26 - La predicazione alle nostre comunità